Identifikácia vybraných procesov metódou Anfis

Guardado en:
Detalles Bibliográficos
Autor principal: Tomeček, František
Formato: Software Libro
Lenguaje:eslovaco
Publicado: Bratislava STU FCHPT 2009
Acceso en línea:Ver en el OPAC
Etiquetas: Agregar Etiqueta
Sin Etiquetas, Sea el primero en etiquetar este registro!

MARC

LEADER 00000nam a2200000 a 4500
005 20260127133933.0
007 co ugu
008 090903 2009 xo 000 0 slo d
035 |a vtls009946425 
039 9 |y 200909031137  |z mschk03 
040 |a STUSCHK1  |b slo  |c STUSCHK1  |e AACR2 
100 1 |a Tomeček, František 
245 1 |a Identifikácia vybraných procesov metódou Anfis  |c František Tomeček 
260 |a Bratislava  |b STU FCHPT  |c 2009 
300 |a 1 elektronický disk 
500 |a Obháj.: 27.8. 2009 
500 |a Študijný program: automatizácia, informatizácia a manažment v chémii a potravinárstve 
500 |a Bakalárska práca na CD-ROMe 
500 |a Ústav informatizácie, automatizácie a matematiky, odd. informatizácie a riadenia procesov 
500 |a Kombinácia študijných odborov: 5.2.14 automatizácia, 5.2.52 priemyselné inžinierstvo 
910 |a SCHK95 
999 |c 446  |d 446